| 000 | 01037nam a22003137a 4500 | ||
|---|---|---|---|
| 001 | 200461539 | ||
| 003 | TR-AnTOB | ||
| 005 | 20241119100057.0 | ||
| 008 | 240704b tu ||||| |||| 00| 0 tur d | ||
| 020 | _a9786052520819 | ||
| 040 |
_aTR-AnTOB _beng _erda _cTR-AnTOB |
||
| 041 | _atur | ||
| 092 |
_a516.15 _bKAŞ 2019 |
||
| 245 |
_aKaşif Can kareleri keşfediyor ! / _chazırlayanlar : Gerry Bailey, Felicia Law ; çizimler : Mike Philips ; çeviri : Hasan Akyol ; editör : Eşref Usalp, Nermin Çoban. |
||
| 250 | _a1.bs. | ||
| 260 |
_aİstanbul : _bTeleskop Popüler Bilim; _c2019. |
||
| 300 |
_a32 Pages. : _bill. ; _c24 cm. |
||
| 336 |
_atext _btxt _2rdacontent |
||
| 337 |
_aunmediated _bn _2rdamedia |
||
| 338 |
_avolume _bnc _2rdacarrier |
||
| 700 | 1 |
_aBailey, Gerry _9139953 |
|
| 700 |
_aFelicia, Law _9146124 |
||
| 700 | 1 |
_aPhilips, Mike _9146125 |
|
| 700 | 1 |
_aAkyol, Hasan _dtranslator _9144670 |
|
| 700 | 1 |
_aÇoban , Nermin _9145997 |
|
| 942 |
_2ddc _cBK |
||
| 999 |
_c200461539 _d79751 |
||